| 000 | 01077cam a2200325 i 4500 | ||
|---|---|---|---|
| 999 |
_c2952 _d2952 |
||
| 001 | 17389146 | ||
| 003 | OSt | ||
| 005 | 20180702062508.0 | ||
| 008 | 120717s2013 caua b 001 0 eng | ||
| 010 | _a 2012944559 | ||
| 020 | _a9781446249178 (Cloth) | ||
| 020 | _a9781446249185 (pbk) | ||
| 038 | _aazhar | ||
| 040 |
_aDLC _beng _erda _cDLC |
||
| 042 | _apcc | ||
| 050 | 0 | 0 |
_aHA32 _b.F54 2013 |
| 082 | _a519.50285536 | ||
| 100 | 1 |
_aField, Andy P. _911340 |
|
| 240 | 1 | 0 | _aDiscovering statistics using SPSS |
| 245 | 1 | 0 |
_aDiscovering statistics using IBM SPSS statistics : _band sex and drugs and rock 'n' roll / _cAndy Field. |
| 250 | _a4th edition. | ||
| 260 |
_aLondon _bSage _c2013 |
||
| 300 |
_axxxvi, 915 pages : _billustrations ; _c28 cm |
||
| 504 | _aIncludes bibliographical references and index. | ||
| 630 | 0 | 0 |
_aSPSS for Windows. _911341 |
| 650 | 0 |
_aSocial sciences _xStatistical methods _xComputer programs. _911342 |
|
| 906 |
_a7 _bcbc _corigres _d3 _encip _f20 _gy-gencatlg |
||
| 942 |
_2ddc _cBK |
||